000 00753nam a2200181Ia 4500
008 090124s9999 xx 000 0 und d
082 _b32525
100 _aदेशपांडे सई शशिकांत
245 _a अनुभवामृतातील प्रतिमासृष्टी
250 _a1
260 _bदेविका प्रकाशन
_c1994
300 _a278
600 _aदेशपांडे सई शशिकांत
630 _a अनुभवामृतातील प्रतिमासृष्टी
700 _aदेशपांडे सई शशिकांत
730 _a अनुभवामृतातील प्रतिमासृष्टी
942 _cBOOK
999 _c98507
_d98507